Normal view
MARC view
Entry Personal Name
001 - CONTROL NUMBER
- control field: 240960
003 - CONTROL NUMBER IDENTIFIER
- control field: OSt
005 - DATE AND TIME OF LATEST TRANSACTION
- control field: 20250930094454.0
008 - FIXED-LENGTH DATA ELEMENTS
- fixed length control field: 250930|| aca||aabn | a|a d
040 ## - CATALOGING SOURCE
- Original cataloging agency: OSt
- Transcribing agency: OSt
100 ## - HEADING--PERSONAL NAME
- Personal name: BRECHT (Bertolt).
- Dates associated with a name: ಬ್ರೆಕ್ಟ್(ಬರ್ಟೋಲ್ಟ್)
670 ## - SOURCE DATA FOUND
- Source citation: Work cat.: (OSt)113794: BRECHT (Bertolt). ಬ್ರೆಕ್ಟ್(ಬರ್ಟೋಲ್ಟ್), Kakesiyan chak sarkal, 1980